000
00306nam a2200109Ia 4500
008
171211s9999 xx 000 0 und d
245
_a
Du kannst mich einfach nicht verstehen
245
_c
Deborah Tannen
260
_c
2012
650
_x
Sexuality
856
_u
http://down.ebook777.com/064/9783442161089.pdf
999
_c
350644
_d
350644